Statistics for Pairs #10 (History Edition)

Click here to take the quiz!

General Stats

  • This quiz has been taken 69 times
  • The average score is 17 of 25

Answer Stats

HintAnswer% Correct
BonnieClyde
97%
BarackMichelle
91%
VictoriaAlbert
90%
NapoleonJoséphine
90%
CharlesDiana
88%
JFKJackie
88%
AntonyCleopatra
86%
AdolfEva
86%
Prince Rainier IIIGrace Kelly
79%
Edward VIIIWallis Simpson
76%
FDREleanor
74%
Louis XVMadame de Pompadour
74%
LewisClark
72%
Frida KahloDiego Rivera
72%
NicholasAlexandra
71%
RonNancy
71%
LBJLady Bird
67%
WilliamMary
59%
IkeMamie
55%
AbelardHéloïse
53%
HadrianAntinous
48%
Gertrude SteinAlice B. Toklas
45%
DanteBeatrice
40%
LeopoldLoeb
34%
Henry IIRosamund Clifford
19%

Score Distribution

Percentile by Number Answered

Percent of People with Each Score

Your Score History

You have not taken this quiz